Návrh zdokonalenia systému riadenia adaptácie novoprijatých zamestnancov v PSA Peugeot Citroën Automobiles Slovakia, s.r.o. Trnava : Diplomová práca

Gespeichert in:
Bibliographische Detailangaben
1. Verfasser: Adamcová, Jana (Verfasst von)
Weitere Verfasser: Čambál, Miloš, 1966- (xxx)
Format: Manuskript Buch
Sprache:Slowakisch
Veröffentlicht: Trnava : STU v Bratislave MtF KPIM, 2006
Schlagworte:
Tags: Tag hinzufügen
Keine Tags, Fügen Sie das erste Tag hinzu!

MARC

LEADER 00000ntm a22000003a 4500
001 stu121651
005 20160719155439.8
008 060621s2006----xo------------------slo-d
040 |a STU  |b slo 
041 0 |a slo 
044 |a xo 
100 1 |a Adamcová, Jana  |4 aut 
245 1 |a Návrh zdokonalenia systému riadenia adaptácie novoprijatých zamestnancov v PSA Peugeot Citroën Automobiles Slovakia, s.r.o. Trnava :  |b Diplomová práca 
260 |a Trnava :  |b STU v Bratislave MtF KPIM,  |c 2006 
300 |a 102 s  |c príl., 1 CD 
650 7 |a priemyselné inžinierstvo a manažment  |2 stusub 
650 7 |a adaptačné programy  |2 stusub 
700 1 |a Čambál, Miloš,  |d 1966-  |4 xxx  |u M4000  |U MTF Materiálovotechnologická fakulta  |T MTF Ústav priemyselného inžinierstva a manažmentu  |X 279  |U M4000  |Y 84  |7 A000000279 
996 |b 284M073523  |c M*DP-6085  |l MMSKP  |s P  |a 0  |w stu121651_0001